Quiz na 20 000 rozwiązań - Statystyki

Ogólne statystyki
  • Ten quiz został rozwiązany 45 razy
  • Średni wynik to 18 z 20
Statystyki odpowiedzi
20000 % Poprawnych
20000
100%
20000
94%
20000
94%
20000
94%
20000
94%
20000
94%
20000
94%
20000
94%
20000
94%
20000
94%
20000
94%
20000
91%
20000
91%
20000
91%
20000
91%
20000
91%
20000
91%
20000
88%
20000
88%
20000
88%
Nie znaleziono quizów pasujących do podanych kryteriów
Rozkład punktacji
Procent ludzi z każdym wynikiem
Percentyl według liczby udzielonych odpowiedzi
Twoja historia wyników
Nie rozwiązałeś tego quizu